L'Ocupació a Catalunya, 2005
Publicado:
Barcelona :
Secretaria d'Acció Socioeconòmica de la Comissió Obrera Nacional de Catalunya ,
2006
Descripción Física:
142. ; 30 cm.
Colección:
Documents sindicals ; 27
MARC
| LEADER | 00000nam a2200000Ia 4500 | ||
|---|---|---|---|
| 001 | 24173 | ||
| 008 | 160829s2006 xx 000 0 cat d | ||
| 080 | |a Bib-171 | ||
| 245 | |a L'Ocupació a Catalunya, 2005 | ||
| 260 | |a Barcelona : |b Secretaria d'Acció Socioeconòmica de la Comissió Obrera Nacional de Catalunya, |c 2006 | ||
| 300 | |a 142. ; |c 30 cm. | ||
| 490 | |a Documents sindicals ; 27 | ||
| 590 | |a En portada: CCOO. | ||
| 590 | |a En la contracoberta: amb la col·laboració de: Diputació de Barcelona, xarxa de municipis | ||
| 650 | |a Mercat de treball |x Catalunya |x Estadístiques |9 50113 | ||
| 650 | |a Ocupació |x Catalunya |x 2006 |9 50114 | ||
| 700 | |a Comissions Obreres de Catalunya. Secretaria d'Acció Socioeconòmica |9 50115 | ||
| 710 | 1 | |a Barcelona (Catalunya : Província). |b Diputació |9 52408 | |
| 901 | |a Arxiu | ||
| 942 | |n 1 | ||
| 952 | |0 0 |1 0 |4 0 |6 BIB171 |7 1 |9 55792 |a Arxiu |b Arxiu |d 2016-12-01 |l 0 |o Bib-171 |p 24173 |r 2016-12-01 00:00:00 |w 2016-12-01 |y ARXIU | ||
| 999 | |c 59665 |d 59665 | ||